| 000 | 00651nam a2200265Ia 4500 | ||
|---|---|---|---|
| 008 | 160803s9999 xx 000 0 und d | ||
| 020 | _a043973858X | ||
| 100 | _aValle, Elsie | ||
| 245 | _aAll dressed up : | ||
| 245 | _bfashion from the past / | ||
| 245 | _cElsie Valle. | ||
| 260 | _aNew York : | ||
| 260 | _bScholastic Inc. | ||
| 260 | _c2006 | ||
| 300 | _a16 pages : | ||
| 300 | _bcolor illustrations ; | ||
| 300 | _c23 cm. | ||
| 440 | _aScholastic FX books ; | ||
| 440 | _vbk. 13 | ||
| 650 | _aFashion -- | ||
| 650 | _aFashion -- History -- | ||
| 650 | _xHistory. | ||
| 650 | _xJuvenile literature. | ||
| 700 | _a390 | ||
| 999 |
_c299394 _d299394 |
||